000
00311nam a22001337a 4500
020
_a
9781846161933
082
_a
823.92
_b
MEA
100
_a
Meadowa,Daisy
245
_a
Sienna the saturday fairy
260
_a
Australia:
_b
Orchard Books,
_c
2006.
300
_a
74p. ;
563
_a
PB
942
_2
ddc
_c
BK
999
_c
614867
_d
614867